LIBRARY & INFORMATION CENTRE, KCAET, TAVANUR

ONLINE PUBLIC ACCESS CATALOGUE (OPAC)

William Shakespeare : A study of facts and problems / (Record no. 11812)

MARC details
000 -LEADER
fixed length control field 00450cam a2200169ua 4500
041 ## - LANGUAGE CODE
Language code of text/sound track or separate title eng
082 ## - DEWEY DECIMAL CLASSIFICATION NUMBER
Classification number 828.09
Item number CHA/WI
100 ## - MAIN ENTRY--AUTHOR NAME
Personal name Chambers, E K .
245 ## - TITLE STATEMENT
Title William Shakespeare : A study of facts and problems /
260 ## - PUBLICATION, DISTRIBUTION, ETC. (IMPRINT)
Place of publication London :
Name of publisher Oxford at the Clarendon Press ,
Year of publication 1930.
300 ## - PHYSICAL DESCRIPTION
Number of Pages 576 ; .
942 ## - ADDED ENTRY ELEMENTS (KOHA)
Koha item type Books
Holdings
Withdrawn status Lost status Damaged status Home library Current library Date acquired Cost, normal purchase price Full call number Accession Number Koha item type
Withdrawn     KAUAET KAUAET 07/04/2012 37.50 828.09 6677 Books
free website counter